00711nam a22001937a 4500003000900000005001700009007000300026008003200029040002500061082003100086245008200117260003700199300004000236500007300276650003600349650002800385651006300413700004100476DO-SdBNP20221031134453.0ta221003b2005 dr d 00| 0 spa d aDO-SdBNPbspacBPMSU 4a338.972 91bC962c 200522200aCuba - El Caribe y el post embargo / c editora. Alejandra Liriano de la Cruz aSanto Domingo :bFLACSO, c2005. a510 p. :bils. gráficos ;c23 cm. aIncluye referencias bibliográficas y notas al pie de las páginas 4aEmbargo (Derecho internacional) 4aSanciones económicas  a Caribe (Region, Cuba ) xCondiciones económicas y19581 a Liriano de la Cruz, Alejandraeed.